000 00639nam a2200169 i 4500
001 70236
003 ES-MaACL
005 20230906170748.0
007 t|
008 040720s1917 sp ||||1| spa d
100 1 _aGarcía de Quevedo y Concellón, Eloy.
_954494
245 1 0 _aInstituto General y Técnico de Burgos
_b: memoria acerca de su estado en el curso académico de 1916 a 1917 /
_cEloy García de Quevedo y Concellón.
260 _aBurgos :
_b[s.n.],
_c1917 (
_fHijos de Santiago Rodríguez)
300 _a64 p. ;
_c27 cm.
610 2 4 _aInstituto General y Técnico de Burgos-
_vMemorias.
_9144974
852 _aES-MaACL
_j1539-F-17
999 _c70236
_d70236